Broadway Disney adaptations - Statistics

General Stats
  • This quiz has been taken 72 times
  • The average score is 5 of 7
Answer Stats
movie year Broadway year Answer % Correct
1994 1997 The Lion King
94%
2013 2018 Frozen
85%
1991 1994 Beauty and the Beast
84%
1992 2011 Aladdin
82%
1989 2007 The Little Mermaid
76%
1999 2006 Tarzan
40%
1992 2012 Newsies
39%
No matching quizzes found
Score Distribution
Percent of People with Each Score
Percentile by Number Answered
Your Score History
You have not taken this quiz